Logo BPK

Biblioteka

Politechniki Koszalińskiej

Wielka encyklopedia geografii świata. (Rekord nr 36890)

Szczegóły MARC
000 -ETYKIETA REKORDU
podpole kontrolne o stałej długości 00949nam a2200289 i 4500
001 - NUMER KONTROLNY REKORDU
pole kontrolne bg
020 ## - MIĘDZYNARODOWY ZNORMALIZOWANY NUMER KSIĄŻKI - ISBN
ISBN 8387621730(t. 18)
020 ## - MIĘDZYNARODOWY ZNORMALIZOWANY NUMER KSIĄŻKI - ISBN
ISBN 8386600373 (całość)
040 ## - ŹRÓDŁO KATALOGOWANIA
Instytucja, która utworzyła rekord BPK
041 0# - KOD JĘZYKA
Kod języka tekstu pl
080 ## - UNIWERSALNA KLASYFIKACJA DZIESIĘTNA - UKD
UKD 551.76:551.4](100)(03)
920 ## - Międzynarodowy znormalizowany numer książki – ISBN
ISBN 83-87621-73-0(t. 18)
920 ## - Międzynarodowy znormalizowany numer książki – ISBN
ISBN 83-86600-37-3 (całość)
008 - POLE O STAŁEJ DŁUGOŚCI - DANE KONTROLNE
podpole kontrolne o stałej długości s pl f |000 0 pol
245 10 - TYTUŁ/ODPOWIEDZIALNOŚĆ
Tytuł Wielka encyklopedia geografii świata.
Oznaczenie części/sekcji dzieła T.17,
Tytuł części/sekcji dzieła Kras i jaskinie /
Pozostałe elementy strefy tytułu i oznaczenia odpowiedzialności kom. nauk. Andrzej Kostrzewski (przewodn.) [et al.] ; [aut. t. 17] Marian Pulina, Wiaczesław Andrejczuk.
260 ## - STREFA ADRESU WYDAWNICZEGO
Miejsce wydania Poznań :
Nazwa wydawcy/dystrybutora "Kurpisz",
Data publikacji, dystrybucji/powstania dokumentu cop. 2000.
300 ## - STREFA OPISU FIZYCZNEGO
Objętość VI, 357, [1] s. :
Inne cechy fizyczne fot. kolor., mapy, rys., wykr.
Rozmiary 30 cm.
504 ## - UWAGA DOTYCZĄCA BIBLIOGRAFII
Informacje o bibliografii Bibliogr. s. 353-354.
650 #9 - HASŁO PRZEDMIOTOWE W FORMIE NAZWY OGÓLNEJ LUB JEDNOSTKOWEJ
Nazwa ogólna lub geograficzna Kras
650 #9 - HASŁO PRZEDMIOTOWE W FORMIE NAZWY OGÓLNEJ LUB JEDNOSTKOWEJ
Nazwa ogólna lub geograficzna Jaskinie
650 #9 - HASŁO PRZEDMIOTOWE W FORMIE NAZWY OGÓLNEJ LUB JEDNOSTKOWEJ
Nazwa ogólna lub geograficzna Geologia historyczna
655 ## - TERMIN INDEKSOWY - OKREŚLENIE RODZAJU/FORMY DOKUMENTU
Określenie rodzaju/formy dokumentu Encyklopedie
700 1# - HASŁO DODATKOWE - NAZWA OSOBOWA
Nazwa osobowa KOSTRZEWSKI, Andrzej.
Określenie związku między hasłem a opisywanym materiałem Red.
700 1# - HASŁO DODATKOWE - NAZWA OSOBOWA
Nazwa osobowa PULINA, Marian
700 1# - HASŁO DODATKOWE - NAZWA OSOBOWA
Nazwa osobowa ANDREJCZUK, Wiaczesław
856 ## - LOKALIZACJA I DOSTĘP DO ELEKTRONICZNYCH DOKUMENTÓW ZDALNYCH
Link (URL) http://koha.tu.koszalin.pl/cgi-bin/koha/opac-detail.pl?biblionumber=36890
Tekst linku Katalog online BPK
942 ## - DODATKOWE ELEMENTY (KOHA)
Typ dokumentu Książka
Egzemplarze
Wycofany Status egzemplarza Uszkodzony Dostępność Lokalizacja stała Lokalizacja bieżąca Miejsce przechowywania Sygnatura Kod kreskowy Dział Typ dokumentu
      Tylko na miejscu Biblioteka Politechniki Koszalińskiej Biblioteka Politechniki Koszalińskiej Czytelnia BG 52281 01488791 0/9(03) Encyklopedie. Leksykony Książka
© 2023 Biblioteka Politechniki Koszalińskiej :: KOHA